000 00746nam a2200229 i 4500
001 bg
100 1 _aTIDROW, Rob
245 1 0 _aRejestr Windows 95 :
_bwykrywanie i usuwanie problemów oraz konfiguracja i optymalizacja systemu /
_cRob Tidrow ; [tł. z ang. Tomasz Pokora].
246 _iTyt. oryg.:
_aWindows 95 registry troubleshooting
260 _aWarszawa :
_bWydaw. RM,
_c1997.
300 _a334 s. :
_brys. ;
_c24 cm +
_edyskietka.
500 _aOryg.: "Windows 95 registry troubleshooting" 1995.
504 _aIndeks.
630 0 9 _aWindows 95
020 _a838721602X
040 _cBPK
041 1 _apl
_hen
080 _a681.322.066Windows
920 _a83-87216-02-X
942 _cKS
008 s pl f |000 0 pol
999 _c32223
_d32223
856 _uhttp://koha.tu.koszalin.pl/cgi-bin/koha/opac-detail.pl?biblionumber=32223
_yKatalog online BPK